000 01846nam a2200541 i 4500
001 3795
003 KOSZ 005
005 20220609111949.0
008 971113s1988 pl a |000 0 pol
015 _aUWD 1988/7502
020 _a8321333877
035 _a991003203519705066
035 _a(PL-WaBN)b10862018-48omnis_nlop
035 _ab10862018
035 _a(OCoLC)749237686
035 _a(PL)b0000001086201
035 _a(EXLNZ-48OMNIS_NETWORK)9910250606705606
040 _aWA N
_cWA N
_dKOSZ 005/AR
041 1 _apol
_hrus
044 _apl
080 _a624.9
080 _a533
080 _a551.55
100 1 _aKazakevič, Mihail Isaakovič
_eAutor
245 1 0 _aAerodynamika dachów wiszących /
_cM. I. Kazakiewicz, J. K. Miełaszwili, O. G. Sułabieridze ; tłumaczenie [z rosyjskiego] i adaptacja Andrzej Flaga.
246 1 _iTytuł oryginału :
_aAérodinamika visjačich pokrytij,
_f1983
260 _aWarszawa :
_b"Arkady",
_c1988.
300 _a95, [1] strona :
_bilustracje ;
_c24 cm.
336 _aTekst
_btxt
_2rdacontent
337 _aBez urządzenia pośredniczącego
_bn
_2rdamedia
338 _aWolumin
_bnc
_2rdacarrier
380 _aKsiążki
388 _a1901-2000
388 _a1945-1989
504 _aBibliografia na stronach 94-[96].
650 7 _aAerodynamika
_2DBN
650 7 _aDach
_2DBN
650 7 _aWiatr
_2DBN
658 _aInżynieria i technika
658 _aArchitektura i budownictwo
700 1 _aFlaga, Andrzej
_d(1951- )
_eTłumaczenie
700 1 _aSulaberidze, O. G.
710 2 _aWydawnictwo Arkady
_4pbl
700 1 _aMelašvili, Jurij
_eAutor
856 _uhttp://koha.tu.koszalin.pl/cgi-bin/koha/opac-detail.pl?biblionumber=3795
_yKatalog online BPK
942 _2UKD
_cKS
999 _c3795
_d3795